Asian Countries with the Most Tourists - Statistics

General Stats
  • This quiz has been taken 178 times
  • The average score is 8 of 10
Answer Stats
Hint Answer % Correct
55,622,000 China
99%
13,413,000 Japan
99%
14,202,000 South Korea
97%
24,810,000 Thailand
96%
9,435,000 Indonesia
95%
27,437,000 Malaysia
87%
18,259,000 Saudi Arabia
82%
11,864,000 Singapore
82%
39,811,000 Turkey
82%
10,452,000 Bahrain
21%
No matching quizzes found
Score Distribution
Percent of People with Each Score
Percentile by Number Answered
Your Score History
You have not taken this quiz